000 00282nam a22001217a 4500
040 _cSY
082 _a581
100 _aប៊ែរ ណា
245 _aរុក្ខជាតិនៅកម្ពុជាំ
260 _aRUA
_bប៊ែរ
_c1985
300 _a79p.
942 _cEK
999 _c9767
_d9767